Normal view
MARC view
- Chaco,P T.
Entry Personal Name
001 - CONTROL NUMBER
- control field: 4455
003 - CONTROL NUMBER IDENTIFIER
- control field: OSt
005 - DATE AND TIME OF LATEST TRANSACTION
- control field: 20191025205539.0
008 - FIXED-LENGTH DATA ELEMENTS
- fixed length control field: 191025|| aca||aabn | a|a d
040 ## - CATALOGING SOURCE
- Original cataloging agency: OSt
- Transcribing agency: OSt
100 ## - HEADING--PERSONAL NAME
- Personal name: Chaco,P T.
670 ## - SOURCE DATA FOUND
- Source citation: Work cat.: (OSt): Chaco,P T., Adhunika europian chinthakal
